Les 10 plus grosses ventes réalisées par Benfica - Statistiques

Statistiques générales
  • Ce quiz a été pris 283 fois
    28 depuis la dernière actualisation
  • Le résultat moyen est 8 sur 10
Statistiques - réponses
Saison Nouveau club Nationalité du joueur Montant du transfert Réponse % Correct
22/23 Liverpool Uruguay 85 Darwin Nunez
100%
22/23 Chelsea Argentine 121 Enzo Fernandez
100%
19/20 Atlético Madrid Portugal 127,2 Joao Félix
100%
23/24 Paris Saint Germain Portugal 65 Gonçalo Ramos
96%
24/25 Paris Saint Germain Portugal 65,92 Joao Neves
96%
20/21 Manchester City Portugal 71,6 Ruben Dias
88%
25/26 Real Madrid Espagne 50 Alvaro Carreras
81%
17/18 Manchester City Brésil 40 Ederson
58%
12/13 Zenit St. Petersburg Belgique 40 Axel Witsel
54%
24/25 Al Hilal Brésil 40 Marcos Leonardo
27%
Aucun quiz correspondant
Distribution des résultats
% des personnes avec chaque résultat
Percentile par nombre de réponses
Votre historique - résultats
Vous n’avez pas pris ce quiz depuis la dernière actualisation